[Event "1st Merlin Lezajsk Chess Masters"]
[Site "Lezajsk"]
[Date "1899-12-30"]
[Round "3.7"]
[White "Kuegel, Tobias"]
[Black "Bojczewski, Mateusz"]
[Result "1-0"]
[WhiteTitle "CM"]
[BlackTitle "I+"]
[WhiteElo "2267"]
[BlackElo "1922"]

1. e4 c6 2. Nc3 d5 3. Nf3 a6 4. d4 Bg4 5. h3 Bh5 6. Be2 e6 7. O-O Nd7 8. Re1 dxe4
9. Nxe4 Ngf6 10. Ng3 Bg6 11. Nh4 Bd6 12. Bf3 Qc7 13. Ngf5 O-O 14. Nxd6 Qxd6 15.
Nxg6 hxg6 16. c4 b5 17. b3 bxc4 18. bxc4 Rfd8 19. c5 Qc7 20. Qa4 Nd5 21. Bd2 Rdc8
22. g3 N7f6 23. Rab1 Rcb8 24. Kg2 Rxb1 25. Rxb1 Rb8 26. Rxb8+ Qxb8 27. Qxc6 Qb2
28. Bg5 Qxa2 29. Bxf6 gxf6 30. Bxd5 exd5 31. Qxf6 Qc4 32. c6 1-0

[Event "1st Merlin Lezajsk Chess Masters"]
[Site "Lezajsk"]
[Date "1899-12-30"]
[Round "3.8"]
[White "Gaj, Szymon"]
[Black "Trybus, Daniel"]
[Result "0-1"]
[WhiteTitle "I"]
[BlackTitle "k"]
[WhiteElo "1898"]
[BlackElo "1972"]

1. d4 Nf6 2. c4 g6 3. Nc3 Bg7 4. e4 d6 5. Nf3 O-O 6. Be2 e5 7. d5 Na6 8. O-O h5
9. Bg5 Qe8 10. Rb1 Nh7 11. Bd2 f5 12. Ne1 Qe7 13. b4 Nf6 14. f3 f4 15. Nd3 g5
16. Nf2 Rf7 17. Na4 Bf8 18. c5 Rg7 19. h3 g4 20. fxg4 hxg4 21. cxd6 cxd6 22. hxg4
Bd7 23. Rc1 Nh7 24. a3 Qh4 25. Rc3 Ng5 26. b5 Nc7 27. Rxc7 Rh7 28. Re1 Qh2+ 29.
Kf1 f3 30. Bxf3 Nxf3 31. Qxf3 Bxb5+ 32. Nd3 Rxc7 33. Nc3 Rf7 34. Qxf7+ Kxf7 35.
Nxb5 Be7 36. Nf2 Qh7 37. Re3 Rc8 38. Rh3 Qg7 39. Rh6 Rc2 40. Nxd6+ Bxd6 41. Rxd6
Kg8 42. Be3 Qf8 43. Rg6+ Kf7 44. Rg5 Qxa3 45. Rf5+ Ke8 46. Rxe5+ Kd7 0-1

[Event "1st Merlin Lezajsk Chess Masters"]
[Site "Lezajsk"]
[Date "1899-12-30"]
[Round "4.1"]
[White "Kaczmarek, Aleksander"]
[Black "Jobava, Baadur"]
[Result "1-0"]
[WhiteTitle "FM"]
[BlackTitle "GM"]
[WhiteElo "2363"]
[BlackElo "2603"]

1. e4 e6 2. d4 d5 3. e5 c5 4. c3 Nc6 5. Nf3 Bd7 6. Bd3 Rc8 7. dxc5 Bxc5 8. O-O
Nge7 9. Bf4 h6 10. b4 Bb6 11. Na3 g5 12. Bg3 Nf5 13. Nb5 Kf8 14. Nd6 Nxg3 15.
hxg3 Rc7 16. a4 a5 17. b5 Ne7 18. c4 g4 19. Nh4 Bd4 20. Bg6 Bxa1 21. Nxf7 Qb8
22. Nxh8 Bxe5 23. Qxg4 Bxh8 24. Qf4+ Nf5 25. Nxf5 exf5 26. Qd6+ Kg7 27. Bh5 Kg8
28. b6 Rc8 29. Qxd5+ Kh7 30. Qxd7+ Bg7 31. Re1 Rd8 32. Qxf5+ Kh8 33. Qg6 1-0

[Event "1st Merlin Lezajsk Chess Masters"]
[Site "Lezajsk"]
[Date "1899-12-30"]
[Round "4.2"]
[White "Zilka, Stepan"]
[Black "Sergeev, Vladimir"]
[Result "1-0"]
[WhiteTitle "GM"]
[BlackTitle "GM"]
[WhiteElo "2577"]
[BlackElo "2403"]

1. e4 c6 2. Nf3 d5 3. d3 dxe4 4. dxe4 Qxd1+ 5. Kxd1 Nf6 6. Nfd2 e5 7. f3 Nbd7 8.
a4 b6 9. c3 h5 10. h4 a5 11. Nc4 Kd8 12. Be3 Kc7 13. Nbd2 Ba6 14. Kc2 Be7 15.
Nb3 Ne8 16. Rd1 Nd6 17. Nxd6 Bxd6 18. Bxa6 Rxa6 19. Rd3 Rd8 20. Bg5 f6 21. Be3
Be7 22. Rg1 Nf8 23. Rxd8 Bxd8 24. f4 Ra8 25. g4 exf4 26. Bxf4+ Kd7 27. gxh5 Ne6
28. Be3 c5 29. Nd2 Bc7 30. h6 gxh6 31. Rg6 h5 32. Rxf6 Rg8 33. Rf5 Rh8 34. Nc4
Rh7 35. Kd3 Bd8 36. Rd5+ Kc7 37. Re5 Kd7 38. Ke2 Bc7 39. Rf5 Ke7 40. e5 Rh8 41.
Kf3 Ng7 42. Bg5+ Ke6 43. Rf6+ Kd5 44. Ne3+ Kxe5 45. Rf7 Ne8 46. Bf4+ Ke6 47. Rxc7
1-0

[Event "1st Merlin Lezajsk Chess Masters"]
[Site "Lezajsk"]
[Date "1899-12-30"]
[Round "4.3"]
[White "Zwardon, Vojtech"]
[Black "Licznerski, Lukasz"]
[Result "1-0"]
[WhiteTitle "IM"]
[BlackTitle "FM"]
[WhiteElo "2466"]
[BlackElo "2401"]

1. c4 e5 2. g3 Nf6 3. Bg2 d5 4. cxd5 Nxd5 5. Nf3 Nc6 6. O-O Nb6 7. b3 Be7 8. Bb2
f6 9. d4 e4 10. Ne1 f5 11. f3 exf3 12. Nxf3 O-O 13. Nc3 Be6 14. e4 fxe4 15. Nxe4
Nd5 16. Qe2 Qd7 17. Nc5 Bxc5 18. dxc5 Bh3 19. Bxh3 Qxh3 20. Ng5 Qh6 21. h4 Nce7
22. Ne6 Rxf1+ 23. Rxf1 Qe3+ 24. Qxe3 Nxe3 25. Re1 N7f5 26. Nxg7 Nc2 27. Re5 Nfd4
28. Re7 Rf8 29. Nh5 Rf3 30. Bxd4 Nxd4 31. Rxc7 Rf5 32. g4 Rf7 33. Rc8+ Rf8 34.
Nf6+ Kf7 35. Rxf8+ Kxf8 36. Nxh7+ Kg7 37. Ng5 Ne2+ 38. Kg2 Nc1 39. Ne6+ Kf6 40.
Nd8 Nxa2 41. Nxb7 Nc1 42. c6 Ke7 43. h5 1-0

[Event "1st Merlin Lezajsk Chess Masters"]
[Site "Lezajsk"]
[Date "1899-12-30"]
[Round "4.4"]
[White "Trybus, Daniel"]
[Black "Chatalbashev, Boris"]
[Result "0-1"]
[WhiteTitle "k"]
[BlackTitle "GM"]
[WhiteElo "1972"]
[BlackElo "2527"]

1. e4 g6 2. d4 Bg7 3. Nc3 d6 4. Be3 a6 5. Qd2 b5 6. h4 h5 7. Nh3 Bxh3 8. Rxh3 Nf6
9. f3 Nbd7 10. Be2 c5 11. dxc5 dxc5 12. O-O-O Qc7 13. Bf4 e5 14. Bg5 c4 15. Kb1
Rc8 16. a3 Nc5 17. Rhh1 Qc6 18. g3 Ne6 19. Qd6 Nxg5 20. hxg5 Nd7 21. Rd5 Qxd6
22. Rxd6 Nc5 23. Nd5 Bf8 24. Nf6+ Ke7 25. Rhd1 Bg7 26. Bf1 Rhd8 27. Rxd8 Rxd8
28. Nd5+ Kf8 29. Kc1 Ne6 30. f4 exf4 31. gxf4 Nxf4 32. c3 Ne6 33. Bg2 Be5 34.
Nb4 Bf4+ 35. Kc2 Rxd1 36. Kxd1 Nc5 37. Bh3 Bxg5 38. Bc8 a5 39. Nc6 Nxe4 40. Nxa5
h4 41. a4 bxa4 42. Bb7 f5 0-1

[Event "1st Merlin Lezajsk Chess Masters"]
[Site "Lezajsk"]
[Date "1899-12-30"]
[Round "4.5"]
[White "Sieciechowicz, Marcin"]
[Black "Kuegel, Tobias"]
[Result "1/2-1/2"]
[WhiteTitle "IM"]
[BlackTitle "CM"]
[WhiteElo "2357"]
[BlackElo "2267"]

1. d4 Nf6 2. c4 e6 3. Nc3 Bb4 4. e3 O-O 5. Ne2 d5 6. a3 Be7 7. cxd5 exd5 8. Nf4
Re8 9. Bd3 Bd6 10. O-O Bxf4 11. exf4 Nc6 12. Bc2 Ne7 13. f3 h5 14. Be3 Bf5 15.
Bf2 c6 16. Re1 Bxc2 17. Qxc2 g6 18. Re5 Nd7 19. Re2 Nf5 20. Rxe8+ Qxe8 21. Re1
Qf8 22. Qd2 Re8 23. Rxe8 Qxe8 24. g4 hxg4 25. fxg4 Nd6 26. f5 Ne4 27. Nxe4 Qxe4
28. Qg5 Kg7 29. fxg6 fxg6 30. h3 Nf8 31. Be3 1/2-1/2

[Event "1st Merlin Lezajsk Chess Masters"]
[Site "Lezajsk"]
[Date "1899-12-30"]
[Round "4.6"]
[White "Dmochowska, Agnieszka"]
[Black "Mikhaletz, Lubomir"]
[Result "0-1"]
[WhiteTitle "WFM"]
[BlackTitle "GM"]
[WhiteElo "2078"]
[BlackElo "2348"]

1. e4 c5 2. c3 d5 3. exd5 Qxd5 4. d4 Nc6 5. Nf3 Nf6 6. Be2 cxd4 7. cxd4 e6 8. Nc3
Qd6 9. O-O Be7 10. Be3 O-O 11. Bc4 a6 12. a4 Rd8 13. Qe2 Bd7 14. Rad1 Nb4 15.
Ne5 Nbd5 16. a5 Rac8 17. Rfe1 Be8 18. Bg5 Qc7 19. Bxf6 Nxc3 20. bxc3 Bxf6 21.
Bd3 Qxc3 22. Qe4 Rxd4 23. Qxh7+ Kf8 24. Nf3 Rd5 25. Be4 Rxd1 26. Rxd1 Qb3 27.
Re1 Rc5 28. h3 Rxa5 29. Bc2 Qb4 30. Re4 Ra1+ 31. Kh2 Qd6+ 32. g3 Bc6 33. Re3 Ra3
34. Be4 Rxe3 35. fxe3 g6 36. Bxg6 fxg6 37. Qxg6 Ke7 38. Qh7+ Kd8 39. Qg8+ Kc7
40. Qf7+ Qe7 0-1

[Event "1st Merlin Lezajsk Chess Masters"]
[Site "Lezajsk"]
[Date "1899-12-30"]
[Round "4.7"]
[White "Biesiadecki, Adam"]
[Black "Miasik, Adrian"]
[Result "0-1"]
[WhiteTitle "I"]
[BlackTitle "I++"]
[WhiteElo "1833"]
[BlackElo "1946"]

1. e4 d6 2. d4 Nf6 3. Nc3 Nbd7 4. Nf3 e5 5. Bc4 h6 6. Qe2 c6 7. a4 Be7 8. Bd2 Qc7
9. h3 Nf8 10. O-O g5 11. dxe5 dxe5 12. Nh2 Ng6 13. f3 Nf4 14. Bxf4 gxf4 15. Qd2
Rg8 16. Kh1 Rg7 17. Ne2 Bd7 18. b4 h5 19. a5 Qd6 20. Qxd6 Bxd6 21. Rfd1 Ke7 22.
c3 Rag8 23. Rg1 a6 24. Ra2 Bb8 25. Rd1 Rxg2 26. Ng4 Nxg4 27. hxg4 Rf2 28. Bxf7
Rg7 29. Bxh5 Rxf3 30. Rad2 Bxg4 31. Rd7+ Bxd7 32. Bxf3 Ba7 33. c4 Rh7+ 0-1

[Event "1st Merlin Lezajsk Chess Masters"]
[Site "Lezajsk"]
[Date "1899-12-30"]
[Round "4.8"]
[White "Rasti, Arvin"]
[Black "Gaj, Szymon"]
[Result "1-0"]
[WhiteTitle ""]
[BlackTitle "I"]
[WhiteElo "2285"]
[BlackElo "1898"]

1. d4 Nf6 2. c4 g6 3. Nf3 Bg7 4. g3 d6 5. Bg2 O-O 6. O-O Nc6 7. Nc3 e5 8. dxe5
dxe5 9. Bg5 Be6 10. Qc1 Qc8 11. Nd2 Bh3 12. Bxf6 Bxf6 13. Nd5 Bd8 14. e3 Bxg2
15. Kxg2 Ne7 16. Qc3 Qe6 17. Nf3 Nxd5 18. cxd5 Qxd5 19. Rfd1 Qe6 20. Qxe5 Qxe5
21. Nxe5 Re8 22. Nc4 Bf6 23. Rd2 Rad8 24. Rad1 Rxd2 25. Rxd2 Rd8 26. Rxd8+ Bxd8
27. Na5 b6 28. Nc6 Bf6 29. b4 a6 30. Nb8 a5 31. bxa5 bxa5 32. Nc6 Bc3 33. Kf3
Kf8 34. Ke4 Ke8 35. Kd5 Kd7 36. a4 g5 37. g4 f6 38. Kc5 Be1 39. f3 Bf2 40. Nxa5
Bxe3+ 41. Kd5 c5 42. Nc4 Bd4 43. a5 Kc7 44. Nd2 Bc3 45. Nb3 Bb4 46. h3 h6 47.
Nxc5 Bxa5 48. Ne4 Kd7 49. Nxf6+ Ke7 50. Ng8+ Kf7 51. Nxh6+ Kg6 52. Nf5 Be1 53.
Ke4 Bd2 54. Nd4 Kf6 55. Ne2 Ba5 56. f4 gxf4 57. Nxf4 Kg5 58. Ng2 Bd2 59. Kf3 Be1
60. Nxe1 1-0

[Event "1st Merlin Lezajsk Chess Masters"]
[Site "Lezajsk"]
[Date "1899-12-30"]
[Round "4.9"]
[White "Bojczewski, Mateusz"]
[Black "Zima, Teofil"]
[Result "0-1"]
[WhiteTitle "I+"]
[BlackTitle "I++"]
[WhiteElo "1922"]
[BlackElo "1994"]

1. c4 g6 2. g3 Bg7 3. Bg2 d6 4. d4 Nf6 5. Nc3 O-O 6. e3 Nc6 7. Nge2 Bd7 8. O-O
Qc8 9. a3 a5 10. Nf4 e5 11. dxe5 Nxe5 12. b3 a4 13. Bb2 axb3 14. Qxb3 Bc6 15.
Ncd5 Nxd5 16. Nxd5 Bxd5 17. Bxd5 c6 18. Bg2 Nd7 19. Bxg7 Kxg7 20. Rfd1 Qc7 21.
Qd3 Nc5 22. Qd4+ Kg8 23. Qxd6 Qxd6 24. Rxd6 Ra4 25. Bf1 Rfa8 26. Kg2 Kf8 27. Kf3
Ke7 28. Rdd1 Rxa3 29. Rxa3 Rxa3 30. Rb1 Ra2 31. h4 h5 32. e4 Kd6 33. Rd1+ Ke5
34. Ke3 Ra3+ 35. Bd3 b5 36. f4+ Kd6 37. Kd4 Ne6+ 0-1

[Event "1st Merlin Lezajsk Chess Masters"]
[Site "Lezajsk"]
[Date "1899-12-30"]
[Round "5.1"]
[White "Zilka, Stepan"]
[Black "Kaczmarek, Aleksander"]
[Result "1/2-1/2"]
[WhiteTitle "GM"]
[BlackTitle "FM"]
[WhiteElo "2577"]
[BlackElo "2363"]

1. e4 c5 2. Nf3 Nc6 3. Nc3 d6 4. d4 cxd4 5. Nxd4 e5 6. Nf5 Nf6 7. Ne3 Be7 8. Ned5
Nxd5 9. Nxd5 O-O 10. Be3 f5 11. exf5 Bxf5 12. Qd2 Rc8 13. Bd3 Kh8 14. O-O e4 15.
Be2 Bf6 16. Nxf6 Qxf6 17. c3 Qg6 18. Kh1 Rcd8 19. c4 b6 20. Rad1 Ne5 21. Bd4 Qe6
22. Qc3 Bg4 23. Bxg4 Qxg4 24. h3 Qf4 25. b4 Qg5 26. c5 Nd3 27. cxb6 axb6 28. Bxb6
Rd7 29. Be3 Qg6 30. b5 Rdf7 31. b6 Qe6 32. Rb1 Rf3 33. b7 Rxh3+ 34. Kg1 Nf4 35.
Bxf4 Rxc3 36. b8=Q Rxb8 37. Rxb8+ Rc8 38. Rxc8+ Qxc8 39. Bxd6 h5 40. Bf4 h4 41.
Be3 Qc2 42. Rc1 Qxa2 43. Rc5 Qb1+ 44. Kh2 Qd1 45. Rg5 Kg8 46. Rc5 Kf7 47. Rf5+
Ke6 1/2-1/2

[Event "1st Merlin Lezajsk Chess Masters"]
[Site "Lezajsk"]
[Date "1899-12-30"]
[Round "5.2"]
[White "Jobava, Baadur"]
[Black "Chatalbashev, Boris"]
[Result "1-0"]
[WhiteTitle "GM"]
[BlackTitle "GM"]
[WhiteElo "2603"]
[BlackElo "2527"]

1. d4 Nf6 2. c4 g6 3. Nf3 Bg7 4. g3 c6 5. Bg2 d5 6. cxd5 cxd5 7. Nc3 O-O 8. Ne5
Nc6 9. O-O Nd7 10. Nxc6 bxc6 11. e4 Rb8 12. Re1 e5 13. exd5 exd4 14. Na4 cxd5
15. Bf4 Rb5 16. Rc1 Nb6 17. Bc7 Qd7 18. Nxb6 axb6 19. Qd2 Bb7 20. b4 Ra8 21. Bf4
Bc6 22. a4 Rxa4 23. Qc2 Raxb4 24. Qxc6 Qxc6 25. Rxc6 h6 26. Rc8+ Kh7 27. Bf1 Rb1
28. Re7 Rc5 29. Rb8 g5 30. Rxf7 Kg6 31. Rxg7+ Kxg7 32. Be5+ Kf7 33. Kg2 Re1 34.
Rb7+ Kg8 35. Bxd4 Rcc1 36. Bd3 g4 37. Rg7+ Kf8 38. Rxg4 Red1 39. Bg7+ Kf7 40.
Bxh6 1-0

[Event "1st Merlin Lezajsk Chess Masters"]
[Site "Lezajsk"]
[Date "1899-12-30"]
[Round "5.3"]
[White "Mikhaletz, Lubomir"]
[Black "Zwardon, Vojtech"]
[Result "0-1"]
[WhiteTitle "GM"]
[BlackTitle "IM"]
[WhiteElo "2348"]
[BlackElo "2466"]

1. d4 Nf6 2. Bg5 Ne4 3. Bf4 d5 4. f3 Nf6 5. Nc3 c5 6. e4 cxd4 7. Qxd4 Nc6 8. Qa4
d4 9. Nb5 e5 10. Bxe5 Bb4+ 11. c3 dxc3 12. Bxc3 Bxc3+ 13. Nxc3 O-O 14. Bb5 Be6
15. Nge2 Qb6 16. Bxc6 bxc6 17. O-O-O Rab8 18. Rd2 Nd7 19. Rhd1 Ne5 20. b3 Qc5
21. Kc2 Bc4 22. Nd4 Rb4 23. Qa3 a5 24. f4 Ng4 25. Re1 Ba6 26. h3 Nf2 27. Rxf2
Qxd4 28. Rd2 Qb6 29. Qc1 h6 30. Rd6 a4 31. Qe3 axb3+ 32. axb3 Qb8 33. Rxc6 Rxb3
34. Rb1 Rxb1 35. Nxb1 Qb5 36. Qb6 Qe2+ 37. Nd2 Bd3+ 38. Kc3 Bxe4 39. Nxe4 Qxe4
40. Rc4 Qxg2 41. Qe3 Ra8 42. Rb4 Qa2 43. Qe4 Qa1+ 44. Kb3 Qd1+ 45. Kb2 Rd8 46.
Rc4 Rb8+ 47. Rb4 Qd2+ 48. Kb3 Rxb4+ 49. Qxb4 Qxb4+ 50. Kxb4 Kh7 0-1

[Event "1st Merlin Lezajsk Chess Masters"]
[Site "Lezajsk"]
[Date "1899-12-30"]
[Round "5.4"]
[White "Sergeev, Vladimir"]
[Black "Kuegel, Tobias"]
[Result "1/2-1/2"]
[WhiteTitle "GM"]
[BlackTitle "CM"]
[WhiteElo "2403"]
[BlackElo "2267"]

1. g3 Nf6 2. Bg2 d5 3. d3 e6 4. f4 c5 5. c3 Be7 6. Nf3 O-O 7. O-O b6 8. Qe1 Bb7
9. h3 Qc7 10. Nbd2 Rd8 11. e4 Nc6 12. e5 Nd7 13. a3 a5 14. Rf2 b5 15. d4 Qb6 16.
Nf1 cxd4 1/2-1/2

[Event "1st Merlin Lezajsk Chess Masters"]
[Site "Lezajsk"]
[Date "1899-12-30"]
[Round "5.5"]
[White "Licznerski, Lukasz"]
[Black "Rasti, Arvin"]
[Result "1-0"]
[WhiteTitle "FM"]
[BlackTitle ""]
[WhiteElo "2401"]
[BlackElo "2285"]

1. e4 e6 2. d4 d5 3. Nd2 Nf6 4. e5 Nfd7 5. Bd3 c5 6. c3 Nc6 7. Ne2 cxd4 8. cxd4
f6 9. exf6 Nxf6 10. Nf3 Bd6 11. O-O Qc7 12. Nc3 a6 13. Be3 O-O 14. Rc1 Bd7 15.
a3 Rae8 16. h3 Qb8 17. Na4 Bf4 18. Re1 Bxe3 19. Rxe3 e5 20. dxe5 Nxe5 21. Nc5
Nxf3+ 22. Qxf3 Rxe3 23. Qxe3 Bc8 24. Qd4 Re8 25. Na4 Bd7 26. Nb6 Bc6 27. b4 Re7
28. a4 Qd8 29. Bxa6 Re4 30. Qc5 bxa6 31. Qxc6 Rxb4 32. Qe6+ 1-0

[Event "1st Merlin Lezajsk Chess Masters"]
[Site "Lezajsk"]
[Date "1899-12-30"]
[Round "5.6"]
[White "Miasik, Adrian"]
[Black "Sieciechowicz, Marcin"]
[Result "0-1"]
[WhiteTitle "I++"]
[BlackTitle "IM"]
[WhiteElo "1946"]
[BlackElo "2357"]

1. d4 Nf6 2. Nf3 g6 3. g3 Bg7 4. Bg2 O-O 5. O-O d5 6. c4 dxc4 7. Na3 c3 8. bxc3
c5 9. Re1 Nd5 10. Bb2 Nb6 11. e4 cxd4 12. cxd4 Bg4 13. Rb1 Nc6 14. d5 Bxb2 15.
Rxb2 Ne5 16. Qb3 Bxf3 17. Bxf3 Qd6 18. Be2 Ned7 19. Nc4 Nxc4 20. Qxc4 Rfc8 21.
Qd4 Rc7 22. f4 e5 23. Qf2 Nb6 24. Bb5 f6 25. a4 Nc8 26. Rf1 Qe7 27. fxe5 fxe5
28. Qf6 Nd6 29. Qxe7 Rxe7 30. Bd3 Rf8 31. Rxf8+ Kxf8 32. Rc2 Rf7 33. Kg2 Ke7 34.
a5 a6 35. Rb2 Rf8 36. Rb6 Rc8 37. Bxa6 bxa6 38. Rxa6 Rc2+ 39. Kf3 Rc3+ 40. Ke2
Nxe4 41. Re6+ Kd7 42. Rxe5 Nd6 43. h4 Rxg3 44. h5 Nc4 45. Re6 Nxa5 46. Rf6 Ke7
47. Re6+ Kf7 48. Ra6 Nb7 49. Rc6 Nd8 50. Rc7+ Kf6 51. Rxh7 g5 52. d6 Ne6 53. Rh6+
Ke5 54. d7 Nf4+ 55. Kf1 Rd3 56. Rh7 Ke6 57. Rg7 Rd1+ 58. Kf2 Rxd7 59. Rxd7 Kxd7
60. Kf3 Ke6 61. Kg4 Kf6 62. h6 Ng6 63. Kh5 Nf8 0-1

[Event "1st Merlin Lezajsk Chess Masters"]
[Site "Lezajsk"]
[Date "1899-12-30"]
[Round "5.7"]
[White "Zima, Teofil"]
[Black "Dmochowska, Agnieszka"]
[Result "1-0"]
[WhiteTitle "I++"]
[BlackTitle "WFM"]
[WhiteElo "1994"]
[BlackElo "2078"]

1. e4 c5 2. Nf3 Nc6 3. Bb5 g6 4. O-O Bg7 5. c3 e5 6. d4 cxd4 7. cxd4 Nxd4 8. Nxd4
exd4 9. e5 Qb6 10. Na3 Kf8 11. Re1 Ne7 12. Qf3 Qe6 13. Bf4 a6 14. Ba4 h5 15. h3
Kg8 16. Bb3 Qc6 17. Re4 b5 18. Rc1 Qb6 19. Bg5 Nf5 20. g4 Bb7 21. gxf5 gxf5 22.
Qxf5 Bxe4 23. Qxe4 Rf8 24. Qf5 Bh6 25. Bf6 Rh7 26. Bc2 Rg7+ 27. Bxg7 Qg6+ 28.
Qxg6 fxg6 29. Bxh6 Rc8 30. Bb3+ 1-0

[Event "1st Merlin Lezajsk Chess Masters"]
[Site "Lezajsk"]
[Date "1899-12-30"]
[Round "5.8"]
[White "Biesiadecki, Adam"]
[Black "Trybus, Daniel"]
[Result "1/2-1/2"]
[WhiteTitle "I"]
[BlackTitle "k"]
[WhiteElo "1833"]
[BlackElo "1972"]

1. Nf3 Nf6 2. c4 g6 3. d4 Bg7 4. Nc3 d6 5. e4 O-O 6. Be2 e5 7. dxe5 dxe5 8. Qxd8
Rxd8 9. Bg5 c6 10. Nxe5 Re8 11. Rd1 h6 12. Bxf6 Bxf6 13. Nf3 Nd7 14. O-O Nc5 15.
e5 Bg7 16. b4 Nd7 17. Ne4 Nxe5 18. Nd6 Re7 19. Nxc8 Rxc8 20. Nxe5 Bxe5 21. Bf3
f5 22. Rd3 Kg7 23. Bd1 Kf6 24. g3 g5 25. Bb3 c5 26. bxc5 Rxc5 27. Rfd1 Bc7 28.
Kg2 Rce5 29. Rd5 h5 30. Rxe5 Bxe5 31. Rd8 b6 32. Rf8+ Kg6 33. Bc2 Bf6 34. Kf1
h4 35. gxh4 g4 36. Rg8+ Bg7 37. h5+ Kh7 1/2-1/2

[Event "1st Merlin Lezajsk Chess Masters"]
[Site "Lezajsk"]
[Date "1899-12-30"]
[Round "5.9"]
[White "Gaj, Szymon"]
[Black "Bojczewski, Mateusz"]
[Result "1-0"]
[WhiteTitle "I"]
[BlackTitle "I+"]
[WhiteElo "1898"]
[BlackElo "1922"]

1. d4 Nf6 2. c4 e6 3. Nc3 d5 4. cxd5 exd5 5. Bg5 c6 6. Qc2 Bg4 7. e3 Nbd7 8. Bd3
Bh5 9. Nge2 Bg6 10. O-O Bxd3 11. Qxd3 Bd6 12. e4 dxe4 13. Nxe4 Be7 14. N2g3 O-O
15. Nf5 Nd5 16. Nxe7+ Nxe7 17. Qb3 Nb6 18. Rfe1 Qc7 19. Qf3 Nbd5 20. h4 b6 21.
h5 h6 22. Bh4 Qf4 23. Qxf4 1-0

[Event "1st Merlin Lezajsk Chess Masters"]
[Site "Lezajsk"]
[Date "1899-12-30"]
[Round "6.1"]
[White "Zwardon, Vojtech"]
[Black "Kaczmarek, Aleksander"]
[Result "1-0"]
[WhiteTitle "IM"]
[BlackTitle "FM"]
[WhiteElo "2466"]
[BlackElo "2363"]

1. c4 e5 2. g3 Nf6 3. Bg2 d5 4. cxd5 Nxd5 5. Nf3 Nc6 6. O-O Nb6 7. b3 Bd6 8. Bb2
O-O 9. Nc3 f5 10. d3 a6 11. Nd2 Bd7 12. Nc4 Nxc4 13. bxc4 Rb8 14. Rb1 Kh8 15.
Ba1 b6 16. e3 Be8 17. Kh1 Qg5 18. f4 Qh6 19. Nd5 Rd8 20. Qd2 exf4 21. gxf4 Ne7
22. Rg1 Ng6 23. Bf3 Rd7 24. Rg5 Nh4 25. Qf2 c6 26. Nxb6 Rb7 27. Rbg1 Bg6 28. Bd4
Be7 29. Bxc6 Rxb6 30. Bxb6 Bf7 31. Bd5 Bxg5 32. Bc5 Bxd5+ 33. cxd5 Rb8 34. fxg5
Qh5 35. d6 Qf7 36. e4 Qh5 37. exf5 Nf3 38. Rf1 Nxg5 39. Bd4 Qf7 40. Qg2 h6 41.
Be5 Kh7 42. d4 Qc4 43. Rg1 Qc3 44. d7 Rb2 45. Qd5 Rb1 46. Rxb1 Qd3 47. Rg1 1-0

[Event "1st Merlin Lezajsk Chess Masters"]
[Site "Lezajsk"]
[Date "1899-12-30"]
[Round "6.2"]
[White "Licznerski, Lukasz"]
[Black "Jobava, Baadur"]
[Result "0-1"]
[WhiteTitle "FM"]
[BlackTitle "GM"]
[WhiteElo "2401"]
[BlackElo "2603"]

1. e4 e5 2. Nf3 Nf6 3. Nxe5 d6 4. Nf3 Nxe4 5. Nc3 Nxc3 6. dxc3 Be7 7. Be3 Nc6 8.
Qd2 Bf5 9. O-O-O O-O 10. Be2 Re8 11. h3 Qd7 12. g4 Be4 13. Rhe1 h6 14. Kb1 a6
15. Rg1 d5 16. h4 Bd6 17. h5 f6 18. Nh4 Rad8 19. f3 Bh7 20. Bd3 Bxd3 21. Qxd3
Qe6 22. Rde1 Bh2 23. Rh1 Ne5 24. Qf1 Bg3 25. Bf2 Bxh4 26. Bxh4 Qb6 27. Ka1 Nc4
28. b3 Ne3 29. Qd3 d4 30. Kb2 Qc6 31. cxd4 Qxf3 32. Bxf6 Qxf6 33. Rxe3 Rxe3 34.
Qxe3 Rxd4 35. Ka3 b5 36. c3 Qd6+ 37. b4 Rxg4 38. Rf1 Kh7 39. Rf7 a5 40. Qe1 axb4+
41. Kb2 bxc3+ 0-1

[Event "1st Merlin Lezajsk Chess Masters"]
[Site "Lezajsk"]
[Date "1899-12-30"]
[Round "6.3"]
[White "Sieciechowicz, Marcin"]
[Black "Zilka, Stepan"]
[Result "1/2-1/2"]
[WhiteTitle "IM"]
[BlackTitle "GM"]
[WhiteElo "2357"]
[BlackElo "2577"]

1. d4 Nf6 2. c4 e6 3. Nc3 Bb4 4. Bd2 O-O 5. a3 Bxc3 6. Bxc3 b6 7. Nf3 Ne4 8. Qc2
Bb7 9. g3 Nxc3 10. Qxc3 a5 11. b3 c5 12. Bg2 d5 13. cxd5 cxd4 14. Nxd4 Bxd5 15.
O-O Bxg2 1/2-1/2

[Event "1st Merlin Lezajsk Chess Masters"]
[Site "Lezajsk"]
[Date "1899-12-30"]
[Round "6.4"]
[White "Chatalbashev, Boris"]
[Black "Sergeev, Vladimir"]
[Result "1-0"]
[WhiteTitle "GM"]
[BlackTitle "GM"]
[WhiteElo "2527"]
[BlackElo "2403"]

1. d4 Nf6 2. c4 c6 3. Nf3 d5 4. g3 Bf5 5. Nc3 e6 6. Nh4 Bg4 7. h3 Bh5 8. Qb3 Qc8
9. g4 Bg6 10. g5 dxc4 11. Qxc4 Nd5 12. e4 Nxc3 13. Nxg6 hxg6 14. bxc3 Bd6 15.
h4 Nd7 16. Rb1 Qc7 17. e5 Be7 18. Bg2 Nb6 19. Qb3 Rb8 20. Be3 Kf8 21. a4 Nd5 22.
Bd2 a5 23. f4 f5 24. Kf2 Qd7 25. Kg3 Kf7 26. Bf3 b5 27. h5 gxh5 28. Rxh5 Rxh5
29. Bxh5+ g6 30. Bf3 b4 31. Rh1 Kg7 32. c4 Nb6 33. Be3 Qc7 34. Qc2 Rg8 35. Rh6
Bf8 36. Qc1 Kf7 37. Rh7+ Rg7 38. Rh2 Nxa4 39. Qh1 Nc3 40. Bxc6 Ne4+ 41. Bxe4 fxe4
42. d5 Qxc4 43. d6 Qd3 44. Qe1 Ke8 45. Rd2 Qc3 46. Qe2 b3 47. Qb5+ Rd7 48. Kf2
Qc1 49. Qxb3 Qh1 50. Qxe6+ 1-0

[Event "1st Merlin Lezajsk Chess Masters"]
[Site "Lezajsk"]
[Date "1899-12-30"]
[Round "6.5"]
[White "Kuegel, Tobias"]
[Black "Mikhaletz, Lubomir"]
[Result "1/2-1/2"]
[WhiteTitle "CM"]
[BlackTitle "GM"]
[WhiteElo "2267"]
[BlackElo "2348"]

1. e4 c5 2. c4 Nc6 3. Ne2 e6 4. d4 cxd4 5. Nxd4 Nf6 6. Nc3 Bb4 7. Nxc6 bxc6 8.
Bd3 Bxc3+ 9. bxc3 Qa5 10. O-O Ba6 11. Qe2 e5 12. Bg5 d6 13. c5 Bxd3 14. Qxd3 Qxc5
15. Be3 Qa3 16. Bc1 Qc5 17. Be3 Qa3 18. Bc1 Qc5 1/2-1/2

[Event "1st Merlin Lezajsk Chess Masters"]
[Site "Lezajsk"]
[Date "1899-12-30"]
[Round "6.6"]
[White "Trybus, Daniel"]
[Black "Zima, Teofil"]
[Result "1/2-1/2"]
[WhiteTitle "k"]
[BlackTitle "I++"]
[WhiteElo "1972"]
[BlackElo "1994"]

1. e4 c5 2. Nf3 d6 3. d4 cxd4 4. Nxd4 Nf6 5. Nc3 Nc6 6. f3 e5 7. Nb3 Be6 8. Be3
d5 9. exd5 Nxd5 10. Nxd5 Qxd5 11. Qxd5 Bxd5 12. O-O-O O-O-O 13. Bb5 a6 14. Bxc6
Bxc6 15. Na5 Rxd1+ 16. Rxd1 Kc7 17. Nxc6 bxc6 18. c4 Be7 19. Kc2 1/2-1/2

[Event "1st Merlin Lezajsk Chess Masters"]
[Site "Lezajsk"]
[Date "1899-12-30"]
[Round "6.7"]
[White "Rasti, Arvin"]
[Black "Miasik, Adrian"]
[Result "1-0"]
[WhiteTitle ""]
[BlackTitle "I++"]
[WhiteElo "2285"]
[BlackElo "1946"]

1. d4 d5 2. c4 e6 3. Nf3 c5 4. cxd5 exd5 5. g3 Nc6 6. Bg2 Nf6 7. O-O cxd4 8. Nxd4
Bc5 9. Nb3 Bb6 10. Nc3 Be6 11. Na4 O-O 12. Nxb6 axb6 13. Be3 Ra6 14. Bd4 Ne4 15.
a3 Qd7 16. Rc1 Bh3 17. Bxh3 Qxh3 18. Qd3 b5 19. Rfd1 Nxd4 20. Nxd4 Rh6 21. Nf3
Nf6 22. Rc7 Ng4 23. Qf5 Rf6 24. Qxd5 Nxf2 25. Rd4 Ng4 26. Rc8 g6 27. Qc5 Rxc8
28. Qxc8+ Kg7 29. Qxg4 Qh6 30. Rf4 Rd6 31. Qg5 Qxg5 32. Nxg5 f6 33. Nf3 1-0

[Event "1st Merlin Lezajsk Chess Masters"]
[Site "Lezajsk"]
[Date "1899-12-30"]
[Round "6.8"]
[White "Gaj, Szymon"]
[Black "Biesiadecki, Adam"]
[Result "1/2-1/2"]
[WhiteTitle "I"]
[BlackTitle "I"]
[WhiteElo "1898"]
[BlackElo "1833"]

1. d4 Nf6 2. c4 e6 3. Nc3 d5 4. cxd5 exd5 5. Bg5 Be7 6. Qc2 O-O 7. e3 c6 8. Bd3
h6 9. Bh4 Re8 10. Nge2 a5 11. O-O Na6 12. a3 Nc7 13. Rad1 Ne4 14. Bxe7 Qxe7 15.
Bxe4 dxe4 16. Ng3 f5 17. Na4 Nd5 18. Nc5 g6 19. Rfe1 h5 20. f3 h4 21. Nf1 h3 22.
f4 g5 23. fxg5 Qxg5 24. Qf2 hxg2 25. Qxg2 Qxg2+ 26. Kxg2 b6 27. Na4 Ra7 28. Ng3
Rg7 29. Nc3 Nxc3 30. bxc3 Be6 1/2-1/2

[Event "1st Merlin Lezajsk Chess Masters"]
[Site "Lezajsk"]
[Date "1899-12-30"]
[Round "6.9"]
[White "Dmochowska, Agnieszka"]
[Black "Bojczewski, Mateusz"]
[Result "1-0"]
[WhiteTitle "WFM"]
[BlackTitle "I+"]
[WhiteElo "2078"]
[BlackElo "1922"]

1. e4 c6 2. d4 d5 3. Nc3 dxe4 4. Nxe4 Nd7 5. Ng5 Ngf6 6. Bd3 e6 7. N1f3 Bd6 8.
Qe2 h6 9. Ne4 Nxe4 10. Qxe4 Nf6 11. Qe2 b6 12. Bd2 Bb7 13. Ne5 Qc7 14. f4 c5 15.
Bb5+ Ke7 16. dxc5 Qxc5 17. Bd3 Bxe5 18. fxe5 Nd5 19. a3 a5 20. Qf3 Rab8 21. Rf1
Rhf8 22. Qg3 Rbd8 23. O-O-O b5 24. Qxg7 Ne3 25. Bg6 Nxf1 26. Bg5+ 1-0